000
00287nam a22001337a 4500
008
260416b ||||| |||| 00| 0 eng d
020
_a
9788776887247
041
_a
eng
080
_a
1.1
100
_a
23
101
_a
Filozofi
245
_a
Dijanetika
_c
L.Ron Habard
942
_2
udc
_c
BK
999
_c
60978
_d
60978